000
00210nam a2200085Ia 4500
008
120527s9999 xx 000 0 und d
100
_a
Ghosh, K.Sukesh
245
_a
Econometric:Theory and Application
942
_c
BK
999
_c
27138
_d
27138